|
|
|
|
| LEADER |
00000nam0a2200000 4500 |
| 001 |
126077 |
| 005 |
20231031131720.0 |
| 020 |
|
|
|a RU
|b 85-27831
|
| 035 |
|
|
|a (RuTPU)RU\TPU\book\136401
|
| 090 |
|
|
|a 126077
|
| 100 |
|
|
|a 20071123d1985 k a0rusy5003 ca
|
| 101 |
0 |
|
|a rus
|
| 102 |
|
|
|a RU
|
| 105 |
|
|
|a a z 001zy
|
| 200 |
1 |
|
|a Петрология метаморфических поясов Северного Прибайкалья
|f А. И. Сизых
|g Академия наук СССР (АН СССР), Сибирское отделение (СО), Институт земной коры (ИЗК) ; отв. ред. Ю. М. Соколов
|
| 210 |
|
|
|a Новосибирск
|c Наука
|d 1985
|
| 215 |
|
|
|a 121 с.
|c ил.
|
| 320 |
|
|
|a Библиогр.: с. 76-80.
|
| 610 |
1 |
|
|a петрология
|
| 610 |
1 |
|
|a Прибайкалье
|
| 675 |
|
|
|a 552.4(571.5)
|v 3
|
| 700 |
|
1 |
|a Сизых
|b А. И.
|g Анатолий Иванович
|
| 702 |
|
1 |
|a Соколов
|b Ю. М.
|4 340
|
| 712 |
0 |
2 |
|a Академия наук СССР (АН СССР)
|b Сибирское отделение (СО)
|b Институт земной коры (ИЗК)
|c (Иркутск)
|2 stltpush
|3 (RuTPU)RU\TPU\col\11543
|
| 801 |
|
0 |
|a RU
|b RuMRKP
|c 19950704
|g psbo
|
| 801 |
|
1 |
|a RU
|b 63413507
|c 20071123
|g PSBO
|
| 801 |
|
2 |
|a RU
|b 63413507
|c 20080929
|g PSBO
|
| 942 |
|
|
|c BK
|